00000000cam 2200000zi 4500
0019.937769
003CaOODSP
00520260202124858
006m     o  d f      
007cr |n|||||||||
008240506e200408##onca    of   f000 0 eng d
020 |z0660193515
040 |aCaOODSP|beng|erda|cCaOODSP
043 |an-cn---
0861 |aT52-14/2004E-PDF|zT52-14/2004E
24500|aAeroplane flight training manual.
24630|aFlight training manual
250 |a4th edition (revised).
264 1|a[Ottawa] : |bTransport Canada, |cAugust 2004.
264 4|c©2004
300 |a1 online resource (v, 210 pages) : |billustrations
336 |atext|btxt|2rdacontent
337 |acomputer|bc|2rdamedia
338 |aonline resource|bcr|2rdacarrier
500 |aIssued also in French under title: Manuel de pilotage : avion.
650 0|aFlight training|zCanada|vHandbooks, manuals, etc.
650 0|aAirplanes|xPiloting|xHuman factors|xStudy and teaching|zCanada.
655 7|aHandbooks and manuals|2lcgft
7101 |aCanada. |bTransport Canada, |eissuing body
77508|tManuel de pilotage : |w(CaOODSP)9.959498
7760#|tFlight training manual |w(CaOODSP)9.649390
85640|qPDF|s48.23 MB|uhttps://publications.gc.ca/collections/collection_2024/tc/T52-14-2004-eng.pdf
986 |aTP1102e (08/2004)